| 000 | 00497pab a2200169 454500 | ||
|---|---|---|---|
| 008 | 180718b2009 xxu||||| |||| 00| 0 eng d | ||
| 100 | _aEsser, Frank | ||
| 245 | _aMetacoverage of mediated wars: how the press framed the role of the news media and of military news management in the Iraq wars of 1991 and 2003 | ||
| 260 | _c2009 | ||
| 300 | _ap.709-34. | ||
| 362 | _aJan | ||
| 650 | _aMass media | ||
| 650 | _aWar | ||
| 773 | _aAmerican Behavioral Scientist | ||
| 908 | _aN | ||
| 909 | _a81030 | ||
| 999 |
_c81030 _d81030 |
||